| 000 | 00917nam a22002297a 4500 | ||
|---|---|---|---|
| 008 | 091202t xxu||||| |||| 00| 0 eng d | ||
| 010 | _aB-365411 | ||
| 020 |
_a9788170089926 _c675-00 |
||
| 035 | _aB-365411 | ||
| 037 |
_aUBH _bRP/CL/E;21/91/21-11-09/25-11-09/27-11-09 |
||
| 040 |
_adpl _beng |
||
| 082 | _a620.00139 | ||
| 100 | _aBali,N.P | ||
| 245 |
_aA Text Book of Enginnering Mathematics _cby N.P.Bali &Manish Goyal |
||
| 250 | _a7thed | ||
| 260 |
_aNew Delhi _bLaxmi Publications Ltd _c2009 |
||
| 270 |
_a113, Golden House Daryaganj _bNew Delhi _e110002 _k011-43532500 _l011-43532528 |
||
| 300 |
_a1522pgs _c24cm |
||
| 942 |
_2ddc _cEN _h620.00139 _mBAL |
||
| 999 |
_c32087 _d32087 |
||